LEADER 01306nam a2200289 i 4500 001 000000143194 003 CaOOAMICUS 005 20050926000000.0 008 050926s1990 it u000 u ita u 013 $a118552 020 $a88-392-0141-6 040 $aSeMil$bita 100 1 $aMessinese, Leonardo <1955- >.$0(OLS)http://semarc/name/35431 245 10$aPensiero e trascendenza :$bla disputa Carlini-Olgiati del 1931-1933 /$cLeonardo Messinese. 260 $aUrbino :$bQuattroVenti,$ccopyr. 1990. 300 $a150 p. ;$c21 cm. 490 0 $aBiblioteca di Hermeneutica ;$v14 500 $aContiene : Bibliografia ; Indice dei nomi. 600 14$aOlgiati, Francesco .$0(OLS)http://semarc/subject/13255 600 14$aCarlini, Armando <1878-1959>.$0(OLS)http://semarc/subject/28165 830 0$aBiblioteca di Hermeneutica ;$v14.$0(OLS)http://semarc/title/11193 850 $aSeMil 852 $aSeMil$W1$xVenegono$y1$m324 2 14 *$j96321$B96321$CSeMilBibl$Z2$F103409 $81 961 $aLascito: Corradi mons. Enrico 996 $6020$a88-392-0141-6$9(OLS)http://semarc/number/131620 996 $6245$aPensiero e trascendenza :$bla disputa Carlini-Olgiati del 1931-1933$9(OLS)http://semarc/title/209568 996 $6260$aUrbino :$bQuattroVenti$9(OLS)http://semarc/publisher/31914 LEADER 00935nam a2200241 i 4500 001 000000116393 003 CaOOAMICUS 005 20060714000000.0 008 060714s1967 it u000 u ita u 013 $a89082 040 $aSeMil$bita 100 1 $aFabbri, Luigi.$0(OLS)http://semarc/name/39006 245 10$aCristiani e marxisti :$bdialogo per il futuro /$cLuigi Fabbri ... [et al.]. 260 $aRoma :$bAVE,$cCopyr. 1967. 300 $a136 p. ;$c19 cm. 490 0 $aMinima ;$v35 650 4$aCattolicesimo e comunismo.$0(OLS)http://semarc/subject/7705 830 0$aMinima ;$v35.$0(OLS)http://semarc/title/6338 850 $aSeMil 852 $aSeMil$W1$xVenegono$y1$m3N I 596$j71850$B71850$CSeMilBibl$Z2$F75758 $81 961 $aOmaggio: Gualerni don Gualberto 996 $6245$aCristiani e marxisti :$bdialogo per il futuro$9(OLS)http://semarc/title/170700 996 $6260$aRoma :$bAVE$9(OLS)http://semarc/publisher/30251